Dynamika obyvateľstva ako súčasť rozvojového potenciálu mikroregiónu Termál

Dynamika obyvateľstva ako jedna zo základných charakteristík populačných javov a procesov na príklade Mikroregiónu Termál

Guardado en:
Detalles Bibliográficos
Autor principal: Repaská, Gabriela
Otros Autores: Oremusová, Daša
Formato: Capítulo de libro
Lenguaje:eslovaco
Materias:
Etiquetas: Agregar Etiqueta
Sin Etiquetas, Sea el primero en etiquetar este registro!

MARC

LEADER 00000naa a2200000 4500
001 0146360
005 20230908073219.5
041 0 |a slo 
044 |a SK 
245 1 0 |a Dynamika obyvateľstva ako súčasť rozvojového potenciálu mikroregiónu Termál  |c Gabriela Repaská, Dáša Oremusová 
520 |a Dynamika obyvateľstva ako jedna zo základných charakteristík populačných javov a procesov na príklade Mikroregiónu Termál 
610 2 0 |a Slovensko 
610 2 0 |a vývoj populačný 
610 2 0 |a demografia ekonomická 
610 2 0 |a mikroregióny 
100 1 |a Repaská, Gabriela 
700 1 |a Oremusová, Daša